000 00980nam a2200277 a 4500
001 BD-DhSAU 2364
003 BD-DhSAU
005 20150128092018.0
008 890216s1988 ii r 000 0 eng
020 _a8185005567
040 _aBD-DhSAU
082 _222
_a631.7
_bSIR
130 0 _aKompleksnai︠a︡ meliorat︠s︡ii︠a︡ solonchakovykh i solont︠s︡ovykh pochv pri oroshenii.
_lEnglish.
245 1 0 _aReclamation of saline and alkali soils under irrigation /
_cA.A. Sidko ... [et al.].
250 _a1st English ed.
260 _aNew Delhi, India :
_bAgricole Pub. Academy ,
_cc1989.
300 _ax, 206 p. :
_bill. ;
_c23 cm.
590 _ajoy
650 0 _aSolonchak soils
_zSoviet Union.
650 0 _aSolonetz soils
_zSoviet Union.
650 0 _aReclamation of land
_zSoviet Union.
650 0 _aSoils, Irrigated
_zSoviet Union.
650 0 _aIrrigation
_zSoviet Union.
650 0 _aAnimal husbandry.
700 1 _aSidʹko, A. A.
_q(Aleksandr Andreevich)
942 _2ddc
_cBOOK
999 _c2364
_d2364